| 000 | 00681pam a2200253 a 4500 | ||
|---|---|---|---|
| 999 |
_c5139 _d5139 |
||
| 001 | 5139 | ||
| 003 | BD-JhCC | ||
| 005 | 20171209173359.0 | ||
| 008 | 880831s1989 ilua b 001 0 eng | ||
| 020 | _a0256074909 (pbk.) | ||
| 035 | _a(BD-JhCC) | ||
| 040 |
_aDLC _cDLC _dDLC |
||
| 041 | _aeng | ||
| 050 | 0 | 0 |
_aHB172 _b.H957 1989 |
| 082 | 0 | 0 |
_a338.5 _219 _bHYM 1989 |
| 100 | 1 | _aHyman, David N. | |
| 245 | 1 | 0 |
_aMicroeconomics / _cDavid N. Hyman. |
| 260 |
_aHomewood, IL : _bIrwin, _c1989. |
||
| 300 |
_axxvi, 9, 602, 16, 11 p. : _bill. (some col.) ; _c26 cm. |
||
| 504 | _aIncludes bibliographies and index. | ||
| 650 | 0 | _aMicroeconomics. | |
| 942 |
_2ddc _cBK |
||